Neighborhoods of Providence - Statistics

General Stats
  • This quiz has been taken 24 times
  • The average score is 7 of 25
Answer Stats
Answer % Correct
Downtown
80%
Federal Hill
80%
College Hill
70%
Elmwood
50%
Fox Point
40%
Hope
40%
Blackstone
30%
Mount Pleasant
30%
Olneyville
30%
Elmhurst
20%
Lower South Providence
20%
Manton
20%
Silver Lake
20%
Upper South Providence
20%
Wanskuck
20%
Washington Park
20%
Wayland
20%
Charles
10%
Hartford
10%
Mount Hope
10%
Reservoir
10%
Smith Hill
10%
South Elmwood
10%
Valley
10%
West End
10%
No matching quizzes found
Score Distribution
Percent of People with Each Score
Percentile by Number Answered
Your Score History
You have not taken this quiz